Joueur de football basque par photo - Statistiques

Statistiques générales
  • Ce quiz a été pris 63 fois
  • Le résultat moyen est 14 sur 20
Statistiques - réponses
Par images Réponse % Correct
Aymeric Laporte
98%
Bixente Lizarazu
96%
Didier deschamps
96%
Gonzalo Higauin
94%
Mikel Arteta
92%
Nico Williams
90%
Diego Forlan
88%
Inaki Williams
88%
Mikel Oyarzabal
88%
Stéphane Ruffier
88%
Unai simon
85%
Xabi Alonso
85%
César Azpilicueta
79%
Inigo Martinez
69%
Martin Zubimendi
56%
Iker Muniain
48%
Oihan Sancet
42%
Alex remiro
27%
Daniel Vivian
19%
The basque
4%
Aucun quiz correspondant
Distribution des résultats
% des personnes avec chaque résultat
Percentile par nombre de réponses
Votre historique - résultats
Vous n’avez pas pris ce quiz